000 00698nam a22002297a 4500
003 OSt
005 20240802151741.0
008 130927t xxu||||| |||| 00| 0 eng d
020 _a0-7534-0502-4
050 _aQL 49
_b.G2426 2006
100 _aGaneri, Anita
245 _aI wonder why camels have humps :
_cby Anita Ganeri
_band other questions about animals
260 _aLondon :
_bKingfisher,
_c1993.
300 _a32 pages :
_bcolor illustrations ;
_c29 cm.
440 _aI wonder why.
650 _aAnimals --
_921920
650 _aQuestions and answers.
_921921
650 _aHabits and behavior.
650 _aMiscellanea -- Juvenile literature.
942 _2lcc
_cBK
999 _c12212
_d12212